Представление документа в формате MARC21

Поле Инд. ПП Название Значение
Тип записи a
Библиографический уровень b
001 Контрольный номер RU/IS/BASE/234456897
005 Дата корректировки 20200522190704.1
084 a Индекс другой классификации/Индекс ББК 65.291.93(2Рос)
100 1_ a Автор Кувалин Д. Б.
q Полное имя Кувалин Дмитрий Борисович
245 a Заглавие Российские предприятия в начале 2000: текущее финансово-экономическое положение и экспансия на внутреннем рынке
504 a Библиография Примеч.
520 a Аннотация "Опубликованы результаты обследования предприятий различных отраслей народного хозяйства. Анализ информации, сделанной по итогам анкетного опроса в январе - марте 2000, подтверждается опытом изучения экономической ситуации в производстве."
650 a Основная рубрика финансы предприятия
a Основная рубрика экономика
a Основная рубрика экономика предприятия
653 a Ключевые слова импортозамещающая стратегия
a Ключевые слова иностранные инвестиции
a Ключевые слова конкурентоспособность предприятия
a Ключевые слова оборотные средства
a Ключевые слова промышленное производство
a Ключевые слова реструктуризация производства
a Ключевые слова Россия
a Ключевые слова рынок сбыта
a Ключевые слова рынок товаров
773 t Заглавие источника Проблемы прогнозирования
d Дата издания источника 2001
g Прочая информация № 1. - С. 164 - 176 : 13 стат. табл.
w Контрольный № источника RU/IS/BASE/142087785
901 t Тип документа b